Movies Quiz

Random Movies or Role Quiz

Quentin Tarantino Actor Match Quiz Stats

 Plays Quiz Updated Jul 21, 2019

Score 0/32 Timer 06:00
0 Plays Today
% Correct
Jamie Foxx
88.5%
Uma Thurman
84.3%
John Travolta
83.5%
Uma Thurman
80%
Christoph Waltz
76.8%
David Carradine
74.6%
Margot Robbie
73.6%
Brad Pitt
72.4%
Lucy Liu
70.7%
Brad Pitt
70.6%
Steve Buscemi
69.4%
Bruce Willis
68.3%
Ving Rhames
67.9%
Christoph Waltz
67.8%
Pam Grier
66.5%
Leonardo DiCaprio
63.6%
% Correct
Chiaki Kuriyama
63.3%
Samuel L. Jackson
62.4%
Leonardo DiCaprio
61.2%
Diane Kruger
60.8%
Harvey Keitel
59.8%
Vivica A. Fox
59.3%
Michael Madsen
57.9%
Daryl Hannah
57.5%
Michael Madsen
57.1%
Samuel L. Jackson
53.9%
Kerry Washington
52.3%
Eli Roth
52.3%
Samuel L. Jackson
50.6%
Sonny Chiba
46.9%
Melanie Laurent
46.3%
Michael Fassbender
45.3%

You're not logged in!

Compare scores with friends on all Sporcle quizzes.
OR
Log In

Sporcle TV

Today on Sporcle TV


Watch our educational content, quiz creation guides, and fun videos on Sporcle TV.

Show Comments

Extras

Top Quizzes Today


Score Distribution

Your Account Isn't Verified!

In order to create a playlist on Sporcle, you need to verify the email address you used during registration. Go to your Sporcle Settings to finish the process.

Report this User

Report this user for behavior that violates our Community Guidelines.

Details: